Gestión del talento humano

Bibliographic Details
Main Author: Chiavenato, Idalberto
Format: Section = Libro
Language:Undetermined
Spanish
Published: Colombia McGraw-Hill 2009
Edition:3a.ed
Subjects:
LEADER 00715nam a2200241Ia 4500
008 240830s9999 xx 000 0 und d
020 |a 978-970-10-7340-7 
040 |a CEDOC FIQ-RUSB / 658.3 Ch532 
041 |a spa 
082 |a 658.3 Ch532 
100 1 |a Chiavenato, Idalberto 
245 1 0 |a Gestión del talento humano 
250 |a 3a.ed 
260 |a Colombia  |b McGraw-Hill  |c 2009 
300 |a 586 p. : il 
650 7 |a ADMINISTRACION DE PERSONAL - TALENTO HUMANO 
650 7 |b  RECLUTAMIENTO Y SELECCION DE PERSONAL 
650 7 |c  CONDICIONES DE TRABAJO 
650 7 |d  EVALUACION DEL DESEMPEÑO HUMANO 
650 7 |e  SALUD, SEGURIDAD, BIENESTAR DEL PERSONAL 
942 |c BK  |2 ddc 
991 |a TEXTO 
999 |c 13073